Water quality statistics of India 1979-1987 (Record no. 693291)

MARC details
000 -LEADER
fixed length control field 00820nam a2200253Ia 4500
003 - CONTROL NUMBER IDENTIFIER
control field OSt
005 - DATE AND TIME OF LATEST TRANSACTION
control field 20220927105601.0
008 - FIXED-LENGTH DATA ELEMENTS--GENERAL INFORMATION
fixed length control field 220926b |||||||| |||| 00| 0 eng d
037 ## - SOURCE OF ACQUISITION
Terms of availability Reference Collections
040 ## - CATALOGING SOURCE
Original cataloging agency RTL
Transcribing agency RTL
Language of cataloging eng
041 ## - LANGUAGE CODE
Source of code eng
Language code of text/sound track or separate title eng
110 ## - MAIN ENTRY--CORPORATE NAME
Corporate name or jurisdiction name as entry element CENTRAL POLLUTION CONTROL BOARD (Delhi)
9 (RLIN) 373565
245 #0 - TITLE STATEMENT
Title Water quality statistics of India 1979-1987
260 ## - PUBLICATION, DISTRIBUTION, ETC.
Place of publication, distribution, etc. Delhi
Name of publisher, distributor, etc. C P C B
Date of publication, distribution, etc. 1990
300 ## - PHYSICAL DESCRIPTION
Extent 184p
Dimensions cm.
490 ## - SERIES STATEMENT
Series statement Indian National Aquatic Resource Minars/31989-90 (ENVIS- 1)
700 ## - ADDED ENTRY--PERSONAL NAME
Personal name CENTRAL POLLUTION CONTROL BOARD (Delhi)
9 (RLIN) 373566
942 ## - ADDED ENTRY ELEMENTS (KOHA)
Classification part "X9(D2).2.N87<- N79s, N0"
Koha item type
Holdings
Withdrawn status Lost status Damaged status Not for loan Home library Current library Date acquired Total Checkouts Full call number Barcode Date last seen Price effective from Koha item type
        Ratan Tata Library Ratan Tata Library 2022-09-27   "X9(D2).2.N87<- N79s N0" RT1455562 2022-09-27 2022-09-27  
Copyright @ Delhi University Library System